<?xml version="1.0" encoding="UTF-8"?>
<collection xmlns="http://www.loc.gov/MARC21/slim">
<record>
  <controlfield tag="001">6377</controlfield>
  <datafield tag="088" ind1=" " ind2=" ">
    <subfield code="a">4820</subfield>
  </datafield>
  <datafield tag="650" ind1="1" ind2="7">
    <subfield code="a">Yoshio Matsumoto Coll</subfield>
  </datafield>
  <datafield tag="520" ind1=" " ind2=" ">
    <subfield code="a">Suisun Depot. "Our best wishes to our loyal Americans" Going into service, WW-II. See card for names</subfield>
  </datafield>
  <datafield tag="980" ind1=" " ind2=" ">
    <subfield code="a">43905848739</subfield>
  </datafield>
  <datafield tag="960" ind1=" " ind2=" ">
    <subfield code="a">hc</subfield>
  </datafield>
</record>
</collection>